Apple Macintosh /

Saved in:
Bibliographic Details
Main Author: Čada, Ondřej (Author)
Format: Book
Language:Czech
Published: Praha : Grada, 1992
Edition:1.vyd.
Series:"Nestůjte za dveřmi
Subjects:
Tags: Add Tag
No Tags, Be the first to tag this record!

MARC

LEADER 00000nam a22000003a 4500
001 stu8321
005 20150617225806.7
008 951205s1992----xr------------------cze-d
020 |a 80-95424-81-9 
040 |a STU  |b slo 
041 0 |a cze 
044 |a xr 
080 |a 681.32 
080 |a 519.68 
084 |a C5130  |2 INS 
084 |a C5220  |2 INS 
084 |a C5430  |2 INS 
084 |a C6150  |2 INS 
084 |a C6180  |2 INS 
084 |a C5620  |2 INS 
100 1 |a Čada, Ondřej  |4 aut 
245 1 |a Apple Macintosh /  |c [aut.] Čada,Ondřej 
250 |a 1.vyd. 
260 |a Praha :  |b Grada,  |c 1992 
300 |a 300 s 
650 7 |a počítačové systémy  |2 stusub 
650 7 |a programové systémy  |2 stusub 
650 7 |a operačné systémy  |2 stusub 
650 7 |a architektúra počítačov  |2 stusub 
650 7 |a mikroprocesory  |2 stusub 
650 7 |a počítačové siete  |2 stusub 
650 7 |a rozhrania počítačov  |2 stusub 
650 7 |a hardware  |2 estusub 
650 7 |a software  |2 estusub 
830 0 |a "Nestůjte za dveřmi 
996 |c I*9OP4972  |l I  |s A  |a 24  |w stu8321_0001